000 00324nam a2200133Ia 4500
008 151001s9999||||xx |||||||||||||| ||und||
100 _aलीना दामले
245 _aनक्षत्रकथा
250 _a1
260 _bदिलीपराज
260 _c2013
300 _a76
365 _b24
999 _c1000118
_d1000115